LEADER 01317nam2 2200385 450 001 000042754 005 20170124120246.0 100 $a20161214d1993----km-y0itaa50------ba 101 0 $aita 102 $aIT 200 1 $aClitofonte$a<> repubblica$aTimeo$aCrizia$fPlatone$g[traduzioni di Franco Sartori e Cesare Giarratano] 210 $aRoma ; Bari$cLaterza$d1993 215 $aXII, 468 p.$d21 cm. 423 1$12001$aClitofonte 423 1$12001$a<> repubblica 423 1$12001$aTimeo 423 1$12001$aCrizia 461 1$1001000042748$12001$aOpere complete$v6 676 $a184$v(22. ed.)$9Filosofia platonica 700 0$aPlato$f<427-347 a.C.>$0292329 702 1$aSartori,$bFranco 702 1$aGiarratano,$bCesare 801 0$aIT$bUniversitą della Basilicata - B.I.A.$gREICAT$2unimarc 912 $a000042754 996 $aCritias$921094 996 $aTimaeus$915904 996 $aClitophon$919164 996 $aPoliteia$917125 997 $aUNIBAS BAS $aLETTERE CAT $aEXT020$b01$c20161214$lBAS01$h1227 CAT $aMDL$b30$c20170124$lBAS01$h1202 CAT $aMDL$b30$c20170124$lBAS01$h1202 FMT Z30 -1$lBAS01$LBAS01$mBOOK$1BASA1$APolo Storico-Umanistico$2GEN$BCollezione generale$3SL/114805/arm.1$6114805$5L114805$820161214$f02$FPrestabile Generale LEADER 04015oam 2200733I 450 001 9910788400203321 005 20230807210732.0 010 $a1-77463-557-7 010 $a0-429-15502-6 024 7 $a10.1201/b18526 035 $a(CKB)2670000000618256 035 $a(EBL)2057703 035 $a(SSID)ssj0001497274 035 $a(PQKBManifestationID)11878847 035 $a(PQKBTitleCode)TC0001497274 035 $a(PQKBWorkID)11494395 035 $a(PQKB)10655440 035 $a(MiAaPQ)EBC2057703 035 $a(OCoLC)910237202 035 $a(EXLCZ)992670000000618256 100 $a20180331h20152015 uy 0 101 0 $aeng 135 $aur|n|---||||| 181 $ctxt 182 $cc 183 $acr 200 00$aAdvanced biofuels $eusing catalytic routes for the conversion of biomass platform molecules /$fedited by Juan Carlos Serrano-Ruiz, PhD 210 1$aNew Jersey :$cApple Academic Press,$d[2015] 210 4$d©2015 215 $a1 online resource (324 p.) 300 $aDescription based upon print version of record. 311 $a1-77188-132-1 311 $a1-77188-221-2 327 $aCover; About the Editor; Contents; Acknowledgment and How to Cite; List of Contributors; Introduction; Part I: Overview; Chapter 1: Catalysing Sustainable Fuel and Chemical Synthesis; Chapter 2: Catalytic Hydroprocessing of Liquid Biomass for Biofuels Production; Chapter 3: Analytical Approaches in the Catalytic Transformation of Biomass: What Needs to be Analyzed and Why?; Part II: Reaction Routes; Chapter 4: Catalytic Routes for the Conversion of Biomass Into Liquid Hydrocarbon Transportation Fuels 327 $aChapter 5: Catalytic Upgrading of Bio-Oil by Reacting with Olefins and Alcohols over Solid Acids: Reaction Paths via Model Compound StudiesChapter 6: Emission Abatement at Small-Scale Biomass Combustion Unit with High-Temperature Catalysts; Chapter 7: Catalytic Constructive Deoxygenation of Lignin-Derived phenols: New C-C Bond Formation Processes from Imidazole-Sulfonates and Ether Cleavage Reactions; Chapter 8: Efficient One-Pot Synthesis of 5-Chloromethylfurfural (CMF) from Carbohydrates in Mild Biphasic Systems 327 $aChapter 9: Periodic Mesoporous Organosilica Functionalized with Sulfonic Acid Groups as Acid Catalyst for Glycerol AcetylationPart III: Optimizing Catalytic Performance; Chapter 10: Alkaline and Alkaline-Earth Ceramic Oxides for CO2 Capture, Separation and Subsequent Catalytic Chemical Conversion; Author Notes 330 $aSustainability demands that we meet the needs of our present world without compromising the needs of future generations. As a result, sources and methodologies for renewable energy are being urgently investigated. Biomassoffers one of the most readily implemented, low-cost alternatives to fossil fuels. First-generation biofuels proved to have limited sustainability, but today's advanced biofuels are developing more efficient processes. This book contains the latest research on catalytic processing, a promising technology for making biofuel production truly sustainable. Included here are: Sever 606 $aBiomass energy 606 $aCatalysis 606 $aGreen chemistry 606 $aBiomass energy 606 $aCatalysis 606 $aGreen chemistry 606 $aChemical & Materials Engineering$2HILCC 606 $aEngineering & Applied Sciences$2HILCC 606 $aChemical Engineering$2HILCC 615 4$aBiomass energy. 615 4$aCatalysis. 615 4$aGreen chemistry. 615 0$aBiomass energy 615 0$aCatalysis 615 0$aGreen chemistry 615 7$aChemical & Materials Engineering 615 7$aEngineering & Applied Sciences 615 7$aChemical Engineering 676 $a662.88 676 $a662/.88 702 $aSerrano-Ruiz$b Juan Carlos 801 0$bFlBoTFG 801 1$bFlBoTFG 906 $aBOOK 912 $a9910788400203321 996 $aAdvanced biofuels$92875663 997 $aUNINA